| 000 | 01086ngm a2200157 a 4500 | ||
|---|---|---|---|
| 008 | 080903s2008 --- vleng d | ||
| 245 | 0 | 0 |
_aSense & sensibility / _ca BBC/WGBH Boston co-production ; written by Andrew Davies ; directed by John Alexander ; produced by Anne Pivcevic. |
| 300 |
_a2 videodiscs (ca. 174 min.) : _bsd., col. ; _c4 3/4 in. |
||
| 260 |
_bBBC Video : 2 Entertain Video Limited : Distributed by BBC Worldwide Americas, _c2008. |
||
| 020 | _a1419864920 | ||
| 520 | _aMarianne Dashwood wears her heart on her sleeve when she falls in love with the charming but unsuitable John Willoughby, ignoring her sister Elinor's warning that her impulsive behavior leaves her open to gossip and innuendo. Elinor, sensitive to social convention, struggles to conceal her own romantic disappointment, even from those closest to her. Will the sisters learn that sense must mix with sensibility if they are to find personal happiness in a society where status and money govern the rules of love? | ||
| 005 | 20241220144319.0 | ||
| 001 | 72217 | ||
| 003 | DCL | ||
| 942 |
_cUNKNOWN _0192 |
||
| 999 |
_c140136 _d140136 |
||